000 00200nam a22000977a 4500
082 _a894.812.3
_bPUL/K
100 _aPULIKUNNU, JOHNSON
245 _aKADARUMAZAM
650 _aMALAYALAM STORY
942 _cBK
999 _c7726
_d7726